000 00936nmm a2200277 a 4500
001 ocm0001349686
003 TR-IsHL
005 20201028161201.0
008 161016stari tu tur
007 cr cn
020 _a9789752699014
035 _a1349686
_b(N$T)
050 0 4 _aPZ90.P35
_bC65
090 0 4 _aPZ90.P35
_bC65
100 1 _aPaksu, Zeynep Sevde
245 1 0 _aÇok fazla yemem hep kendimi düşünmem
_h[electronic resource] /
_cZeynep Sevde Paksu ; resimleyen Derya Işık Özbay
260 _aİstanbul :
_bNesil Çocuk Yayınları,
_ctarih yok]
300 _a15 p.
650 4 _aDil ve Edebiyat
650 4 _aLanguage and Literature
650 0 _aÇocuk hikayeleri, Türk
650 0 _aChildren story, Turkish
650 7 _aJUVENILE FICTION / General
_2bisacsh
700 1 _aÖzbay, Derya Işık
856 4 0 _uhttp://search.ebscohost.com/login.aspx?direct=true&scope=site&db=e011xww&AN=1349686
999 _c13988
_d13988